Иркутская губерния. План перехода р. Ангары железным мостом для экипажной езды в гор. Иркутске

RUSMARC
00006389cbm0a2200445 x 450
0017bce9b09-90e1-42db-8956-5c426d41e355
00520150615165911.0
035##$a7bce9b09-90e1-42db-8956-5c426d41e355
100##$a20131010l19061906ky0rusy010189
1010#$arus
102##$aRU
120##$aby#x#########
121##$a#a#aаa#xa
1231#$aa
124##$aa
$bd
2001#$aИркутская губерния. План перехода р. Ангары железным мостом для экипажной езды в гор. Иркутске
$bДело
$e1906 г.
210##$d1906
215##$a2 листа
2251#$aФонд Техническо-строительный комитет МВД
$hОпись № 168. Иркутская губерния
300##$aРукописный текст. Бумага. Чернила, тушь, акварель
300##$aОригинальный заголовок дела: План устройства железнодорожного моста через Ангару, для проезда экипажей в г. Иркутск : 1906
324##$aГрафика
327##$aВ деле содержится документ: План перехода р. Ангары железным мостом для экипажной езды. Масштаб: в одном английском дюйме 20 саженей
464#0$12001
$aПлан перехода р. Ангары железным мостом для экипажной езды. Масштаб: в одном английском дюйме 20 саженей
50900$aИркутск
$hгород
$cчасти
$lПлан
5171#$aПлан устройства железнодорожного моста через Ангару, для проезда экипажей в г. Иркутск
$e1906
605##$2acquisition_Prlib
$3DITM\AF\0000004675
$aТерритория
$lколлекция
605##$2acquisition_Prlib
$3LIBNET\UAF\0000036489
$aИркутская область: страницы истории
$lколлекция
605##$2acquisition_Prlib
$3LIBNET\UAF\0000059358
$aТерритория России: Иркутская область
$lколлекция
607##$2nlr_sh
$3RU\NLR\AUTH\66497713
$aИркутск, город
$xПланировка и строительство
$jДокументы и материалы
607##$2nlr_sh
$3RU\NLR\AUTH\661514092
$aИркутский мост (Иркутск, город)
$jДокументы и материалы
608##$2prlib_sh
$3LIBNET\UAF\0000058904
$aПланы городов
$yРоссия
$z20 в.
617##$cИркутская губерния
$2prlib_sh
617##$cИркутская область
$2prlib_sh
686##$a63.3(28-8Ирк)533ю11
$vLBC/M
$2rubbk
71001$3RU\NLR\AUTH\889942100
$aРоссия
$bМинистерство внутренних дел
$bТехническо-строительный комитет
801#0$aRU
$bРГИА
$c20131010
$gRCR
801#1$aRU
$bГлавНИВЦ
$c20131010
$2rusmarc
801#2$aRU
$bПБ им. Б.Н. Ельцина
$c20150615
$gRCR
$2rusmarc
850##$aФедеральное казенное учреждение "Российский государственный исторический архив"
852##$aРГИА.
$bФ. 1293.
$gОп. 168. Иркутская губ.
$jД. 10.
937##$d39328786
$hРГИА
8564#$uhttp://www.prlib.ru/Lib/pages/item.aspx?itemid=125211
Формат отображения